Phonetik und Orthoepie vor dem Hintergrund der Interkulturalitätsforschung

Gespeichert in:
Bibliographische Detailangaben
1. Verfasser: Adamcová, Lívia
Format: Buchkapitel
Sprache:Deutsch
Schlagworte:
Tags: Tag hinzufügen
Keine Tags, Fügen Sie das erste Tag hinzu!

MARC

LEADER 00000naa a2200000 4500
001 0238618
005 20240502083638.3
041 0 |a ger 
044 |a DE 
245 1 0 |a Phonetik und Orthoepie vor dem Hintergrund der Interkulturalitätsforschung  |c Lívia Adamcová 
610 2 0 |a jazyky cudzie 
610 2 0 |a jazykoveda 
610 2 0 |a fonetika 
610 2 0 |a výslovnosť 
610 2 0 |a komunikácia verbálna 
610 2 0 |a výskum 
610 2 0 |a komunikácia interkultúrna 
610 2 0 |a vzťahy interkultúrne 
610 2 0 |a rétorika 
610 2 0 |a kompetencie 
100 1 |a Adamcová, Lívia